Cities Closest to New Orleans - Statistics

General Stats
  • This quiz has been taken 8 times
  • The average score is 4 of 15
Answer Stats
mi Answer km % Correct
81 Baton Rouge 130
88%
78 Gulfport 125
50%
91 Biloxi 146
38%
6 Gretna (Louisiana) 9
38%
58 Hammond (Louisiana) 93
38%
8 Metairie 12
38%
58 Houma 93
25%
59 Thibodaux 94
25%
59 Bay Saint Louis 94
13%
108 Grand Isle 173
13%
92 Ocean Springs 148
13%
33 Slidell 53
13%
24 Barataria 38
0%
64 Buras 102
0%
85 Morgan City 136
0%
No matching quizzes found
Score Distribution
Percent of People with Each Score
Percentile by Number Answered
Your Score History
You have not taken this quiz